000 00424nam a2200157Ia 4500
005 20260121165313.0
008 260121s9999 xx 000 0 und d
041 _amar
082 _a491.2
100 _aपवार, आरती
245 _aसंस्कृत मैत्र
250 _a2
260 _bभारतीय विचार साधना पुणे
_c2015
300 _a24
650 _aGenral
999 _c369998
_d369998